Good leaders ask great questions

Bibliographic Details
Main Author: Maxwell C, John
Format: Book
Published: USA : Hachette Book Group , 2014
Subjects:

MARC

LEADER 00000cam a2200000 7i4500
001 0000004138
005 20180404.0
020 0 0 |a 9781455548071 
090 0 0 |a 658.4092   |b MAX 2014 
100 1 0 |a Maxwell C, John 
245 1 0 |a Good leaders ask great questions   |c John C. Maxwell 
260 0 0 |a USA :   |b Hachette Book Group ,   |c 2014 
300 |a 304 p. ;   |c 23 cm. 
500 0 0 |a Includes index 
650 0 0 |a Leadership 
650 0 0 |a Success in business 
650 0 0 |a Teams in workplace 
998 |a JPSM 
999 |a 007995   |b Monograph   |c Open Shelf   |e Default branch